Microcontroller Architecture and Programming (Record no. 358192)

MARC details
000 -LEADER
fixed length control field 00345nam a2200133Ia 4500
008 - FIXED-LENGTH DATA ELEMENTS--GENERAL INFORMATION
fixed length control field 240614s9999 xx 000 0 und d
041 ## - LANGUAGE CODE
Language code of text/sound track or separate title eng
100 ## - MAIN ENTRY--PERSONAL NAME
Personal name Arvind, H.R.
9 (RLIN) 206135
245 ## - TITLE STATEMENT
Title Microcontroller Architecture and Programming
250 ## - EDITION STATEMENT
Edition statement 1st
260 ## - PUBLICATION, DISTRIBUTION, ETC. (IMPRINT)
Name of publisher, distributor, etc. Vision
Date of publication, distribution, etc. 2022
Place of publication, distribution, etc. Pune
300 ## - PHYSICAL DESCRIPTION
Extent 4.3
650 ## - SUBJECT ADDED ENTRY--TOPICAL TERM
Topical term or geographic name as entry element Microcontrollers
9 (RLIN) 206817
Holdings
Withdrawn status Lost status Source of classification or shelving scheme Damaged status Not for loan Collection code Home library Current library Shelving location Date acquired Vendor Cost, normal purchase price Bill number Total Checkouts Barcode Date last seen Date last checked out Bill Date Koha item type Original Barcode
    Dewey Decimal Classification       Shri Siddhivinayak Mahila Mahavidyalaya Shri Siddhivinayak Mahila Mahavidyalaya   08/10/2022 Creative Book Service 165.00 1561 1 SSMM-BK-31302 05/05/2025 02/05/2025 21/09/2022 Books 010031302